000 00401nam a22001337a 4500
082 _aRIB.30 678.074:678-036
_bJOS
100 _aJOSHI (Aparna Makarand)
245 _aElastomer nanocomposites principles and applications
246 _aRubber Industry Books Box. Pocket book
260 _aThailand
_bTechnobiz Communications
_c2018
300 _a80p.
650 _aElastomer nanocomposites
942 _cBK
999 _c74833
_d74833